000 00408nam a22001337a 4500
008 150410b xxu||||| |||| 00| 0 eng d
020 _a9780071789530
020 _a0071789537
041 0 _aeng
080 _a512.13
245 1 0 _aMcGraw-Hill's 500 precalculus questions :
_cSandra McCune, William Clark.
246 3 _aMcGraw-Hill's five hundred precalculus questions
942 _2udc
_cBK
999 _c687
_d687